| 000 | 00692nam a2200277Ia 4500 | ||
|---|---|---|---|
| 008 | 180313s9999 xx 000 0 und d | ||
| 020 | _a9780545858069 | ||
| 050 | _bGS FIC G396 2013 | ||
| 100 | _aGewirtz, Adina Rishe | ||
| 245 | _aZebra forest / | ||
| 245 | _cby Adina Rishe Gewirtz. | ||
| 260 | _aNew York, New York : | ||
| 260 | _bScholastic Inc., | ||
| 260 | _c2013 | ||
| 300 | _a200 pages : | ||
| 300 | _billustrations ; | ||
| 300 | _c19cm. | ||
| 500 | _a750 | ||
| 650 | _aFamily secrets -- | ||
| 650 | _aGrandmothers -- | ||
| 650 | _aHonesty -- | ||
| 650 | _xJuvenile fiction. | ||
| 650 | _xJuvenile fiction. | ||
| 650 | _xJuvenile fiction. | ||
| 700 | _aTitle. | ||
| 999 |
_c356282 _d356282 |
||